| 000 | 00600nam a2200217Ia 4500 | ||
|---|---|---|---|
| 003 | OSt | ||
| 005 | 20230501113204.0 | ||
| 008 | 210423s1995 xx 000 0 und d | ||
| 020 | _a978-1-86076-013-9 | ||
| 040 | _cAL | ||
| 041 | _aeng | ||
| 082 |
_a658.8 _223 _bCUNC |
||
| 100 |
_aCUNNINGHAM (Anthony C);WARD (James J);KILBRIDE (Catherine) _995535 |
||
| 245 | _aCase studies in marketing | ||
| 260 |
_aIreland _bOak Tree Press _c1995 |
||
| 300 |
_axiii,201 _bPB |
||
| 365 |
_b1118.26 _cUSD |
||
| 650 |
_aMarketing Management _995536 |
||
| 906 | _acase ; marketing ; studies | ||
| 942 |
_2ddc _cBK |
||
| 999 |
_c170522 _d170522 |
||